| 000 | 00569nam a22001697a 4500 | ||
|---|---|---|---|
| 003 | NUST | ||
| 038 | _aNusrat Nadeem | ||
| 082 | _a200 | ||
| 100 |
_aAfzal, Tashfa _997169 |
||
| 245 |
_aApplication of AR for Improving Spatial Thinking Skills in Primary Level Mathematics / _cTashfa Afzal |
||
| 264 |
_aIslamabad : _bSEECS, NUST, _c2022. |
||
| 300 | _a85 p. ; | ||
| 650 |
_aMS-Innovative Technologies in Education _927351 |
||
| 700 |
_aSupervisor: Dr. Tahira Anwar Lashari _996746 |
||
| 856 | _uhttp://10.250.8.41:8080/xmlui/handle/123456789/29897 | ||
| 942 |
_2ddc _cSC |
||
| 999 |
_c590971 _d590971 |
||